[Event "AUTO-OPEN-246"]
[Site "http://www.queenalice.com/game.php?id=61638"]
[Date "2006.4.6"]
[Round "1"]
[White "Pood"]
[Black "christophe"]
[Result "0-1"]
[WhiteElo "1714"]
[BlackElo "1924"]

1. e4 c5 2. b3 Nc6 3. Bb2 e5 4. Bb5 d6 5. Ne2 Nf6 6. O-O Nxe4 7. d3 Nf6 8. Re1
Be7 9. Nd2 O-O 10. f4 exf4 11. Nxf4 Bg4 12. Nf3 Re8 13. Bxc6 bxc6 14. h3 Bd7 15.
d4 d5 16. Nd3 cxd4 17. Bxd4 Ne4 18. Nfe5 Bf6 19. Qh5 Be6 20. Nxc6 Bxd4+ 21. Nxd4
Qb6 22. c3 Nxc3 23. Qe5 Bd7 24. Qf4 Re4 25. Rxe4 dxe4 0-1

[Event "AUTO-OPEN-246"]
[Site "http://www.queenalice.com/game.php?id=61639"]
[Date "2006.4.6"]
[Round "1"]
[White "christophe"]
[Black "Pood"]
[Result "1-0"]
[WhiteElo "1995"]
[BlackElo "1758"]

1. d4 d5 2. c4 c6 3. Nc3 dxc4 4. e4 b5 5. a4 a6 6. axb5 Qb6 7. Bxc4 cxb5 8.
Bxb5+ Bd7 9. Bxd7+ Nxd7 10. Nf3 e6 11. O-O Be7 12. d5 Ngf6 13. Qa4 O-O 14. e5
Nc5 15. Qh4 Nb3 16. Ra2 Nxc1 17. Rxc1 Rac8 18. d6 Bd8 19. exf6 Bxf6 20. Qa4 Qxd6
21. Qxa6 Qf4 22. Qf1 Bxc3 23. bxc3 f5 24. Qe1 Rf6 25. Ra7 e5 26. Rd1 e4 27. Rdd7
Rg6 28. Nd4 Qg4 29. g3 Re8 30. Qa1 h5 31. Ra8 Rxa8 32. Qxa8+ Kh7 33. Rd8 Rb6 34.
Rh8+ 1-0

[Event "Let's Play Chess!"]
[Site "http://www.queenalice.com/game.php?id=61674"]
[Date "2006.4.6"]
[Round "-"]
[White "christophe"]
[Black "trompmaster"]
[Result "1-0"]
[WhiteElo "1845"]
[BlackElo "1961"]

1. d4 d6 2. e4 Nf6 3. Nc3 Nbd7 4. g3 c6 5. Bg2 e5 6. Nge2 Be7 7. O-O Qc7 8. b3
O-O 9. Qd2 Re8 10. a4 b6 11. Ba3 Nf8 12. Rfd1 Ba6 13. dxe5 dxe5 14. Bd6 Bxd6 15.
Qxd6 Qb7 16. f3 Bxe2 17. Nxe2 Re6 18. Qd2 Qc7 19. Bh3 Ree8 20. Qd6 Qb7 21. Nc3
Re7 22. a5 bxa5 23. Qc5 Ng6 24. Rd6 Rc7 25. Qxa5 Ne8 26. Rd2 Nf6 27. Na4 Rb8 28.
Nc5 Qb6 29. Qc3 h6 30. Kg2 a5 31. Rxa5 Ra7 32. Rxa7 Qxa7 33. Nd7 Nxd7 34. Bxd7
c5 35. Bf5 Re8 36. Rd5 Qa6 37. Qxc5 Qe2+ 38. Qf2 Qxf2+ 39. Kxf2 Nf8 40. b4 f6
41. b5 Ne6 42. b6 Nd4 43. b7 Rb8 44. Rd7 Kh8 45. Rc7 1-0

[Event "Challenge"]
[Site "http://www.queenalice.com/game.php?id=62045"]
[Date "2006.4.8"]
[Round "-"]
[White "gillou"]
[Black "christophe"]
[Result "0-1"]
[WhiteElo "1789"]
[BlackElo "1684"]

1. d4 d5 2. Bg5 h6 3. Bh4 Nf6 4. e3 e6 5. c4 g5 6. Bg3 Ne4 7. Be5 Bb4+ 8. Nc3
Nxc3 9. bxc3 Bxc3+ 10. Ke2 f6 11. Rc1 Bb2 12. Rb1 fxe5 13. Rxb2 exd4 14. Qxd4
O-O 15. cxd5 exd5 16. h4 Nc6 17. Qc3 g4 18. f3 Ne7 19. fxg4 Bxg4+ 20. Nf3 Nf5
21. Rg1 Qd6 22. Rxb7 Qa6+ 0-1

[Event "Let's Play Chess!"]
[Site "http://www.queenalice.com/game.php?id=62835"]
[Date "2006.4.13"]
[Round "-"]
[White "christophe"]
[Black "li2carpio"]
[Result "1-0"]
[WhiteElo "1799"]
[BlackElo "1811"]

1. d4 g6 2. e4 d6 3. Nc3 Bg7 4. Nge2 c6 5. g3 Nf6 6. Bg2 e5 7. dxe5 dxe5 8.
Qxd8+ Kxd8 9. f4 Na6 10. Bd2 exf4 11. Bxf4 Ne8 12. O-O-O+ Ke7 13. Rhf1 Be6 14.
h4 Nec7 15. Bd6+ Ke8 16. e5 Nb5 17. Nxb5 cxb5 18. Bxb7 Rd8 19. Bxa6 Bd7 20. Nd4
Bf8 21. Nxb5 Bxd6 22. Nxd6+ Kf8 23. Rxf7+ Kg8 24. Bc4 1-0

[Event "AUTO-MASTER-137"]
[Site "http://www.queenalice.com/game.php?id=65834"]
[Date "2006.4.28"]
[Round "1"]
[White "Homer"]
[Black "christophe"]
[Result "0-1"]
[WhiteElo "1934"]
[BlackElo "1935"]

1. d4 d5 2. Bg5 h6 3. Bh4 Nf6 4. Bxf6 exf6 5. e3 Bd6 6. c4 dxc4 7. Bxc4 O-O 8.
Nf3 Nd7 9. Nc3 Nb6 10. Bd3 Be6 11. O-O f5 12. Re1 c6 13. Rc1 Re8 14. a3 Qd7 15.
b4 a5 16. Rb1 axb4 17. axb4 Qe7 18. b5 Bb4 19. Qc2 Ra3 20. Ne2 Bxe1 21. Nxe1 Ra2
22. Qc5 Qxc5 23. dxc5 Nd7 24. bxc6 bxc6 25. Nd4 Nxc5 26. Nxc6 Nxd3 27. Nxd3 Rd2
28. Ne1 Bd5 29. Nd4 f4 30. Nb3 fxe3 31. Nxd2 exd2 32. Kf1 Rxe1+ 0-1

[Event "AUTO-MASTER-137"]
[Site "http://www.queenalice.com/game.php?id=65835"]
[Date "2006.4.28"]
[Round "1"]
[White "christophe"]
[Black "Homer"]
[Result "1-0"]
[WhiteElo "1958"]
[BlackElo "1912"]

1. d4 d5 2. c4 e6 3. Nc3 Nf6 4. cxd5 exd5 5. Bg5 Be7 6. e3 O-O 7. Bd3 Nc6 8.
Nge2 Re8 9. a3 Bg4 10. Bxf6 Bxf6 11. Qb3 Ne7 12. Qxb7 c6 13. Qb3 Rb8 14. Qc2 h6
15. O-O Qc8 16. Na4 Nf5 17. h3 Bxe2 18. Bxf5 Qa6 19. Rfb1 Be7 20. Nc3 Bh5 21. g4
Bg6 22. Bxg6 fxg6 23. Qxg6 Bg5 24. Nxd5 Qe2 25. Qxc6 Bh4 26. Rf1 Rf8 27. Nf4
Qxb2 28. Qe6+ Rf7 29. Ra2 Qb7 30. Rc1 Rf8 31. Ng6 Be7 32. Rc6 Kh7 33. Nxf8+ Bxf8
34. Rb2 Qxb2 35. Qxf7 Qxa3 36. Rxh6+ 1-0

[Event "AUTO-MASTER-137"]
[Site "http://www.queenalice.com/game.php?id=65850"]
[Date "2006.4.28"]
[Round "1"]
[White "omega3"]
[Black "christophe"]
[Result "1/2-1/2"]
[WhiteElo "1938"]
[BlackElo "1837"]

1. e4 c5 2. Nf3 Nf6 3. e5 Nd5 4. Nc3 e6 5. Nxd5 exd5 6. d4 Nc6 7. dxc5 Bxc5 8.
Qxd5 Qb6 9. Bc4 Bxf2+ 10. Ke2 O-O 11. Rf1 Bc5 12. Ng5 Nd4+ 13. Kd1 Ne6 14. Ne4
d6 15. exd6 Rd8 16. Bd3 Bxd6 17. Qh5 f5 18. Nxd6 Qxd6 19. Qxf5 Qxh2 20. Qf7+ Kh8
21. Bg5 Rg8 22. Be3 Qxg2 23. Kc1 Qh3 24. Kd2 Qg4 25. Rae1 Ng5 26. Qd5 Nh3 27.
Re2 Be6 28. Qh1 Rgd8 29. Rg2 Qb4+ 30. Kc1 Rac8 1/2-1/2

[Event "AUTO-MASTER-137"]
[Site "http://www.queenalice.com/game.php?id=65851"]
[Date "2006.4.28"]
[Round "1"]
[White "christophe"]
[Black "omega3"]
[Result "1-0"]
[WhiteElo "1893"]
[BlackElo "1988"]

1. d4 Nf6 2. Bg5 Ne4 3. Bf4 c5 4. f3 Qa5+ 5. c3 Nf6 6. Nd2 cxd4 7. Nb3 Qb6 8.
Qxd4 Nc6 9. Qxb6 axb6 10. Nd4 e5 11. Nxc6 dxc6 12. Bxe5 Be6 13. a3 b5 14. e3 b4
15. cxb4 Bxb4+ 16. Kf2 Ba5 17. Ne2 O-O 18. Nd4 Rfe8 19. Nxe6 Rxe6 20. Bd4 Bc7
21. Bc4 Ree8 22. Rhd1 Be5 23. Bxe5 Rxe5 24. Rd2 Kf8 25. e4 Rae8 26. Rad1 g5 27.
h3 h5 28. a4 g4 29. h4 gxf3 30. gxf3 Ra5 31. b3 Rae5 32. Rd6 Ng8 33. Kg3 Ne7 34.
Rf6 1-0

[Event "QA-ANNIV-02"]
[Site "http://www.queenalice.com/game.php?id=76820"]
[Date "2006.6.15"]
[Round "1"]
[White "philb"]
[Black "christophe"]
[Result "0-1"]
[WhiteElo "1297"]
[BlackElo "1837"]

1. e4 c5 2. Bb5 a6 3. Ba4 b5 4. Qf3 bxa4 5. Nc3 Qa5 6. e5 Nc6 7. e6 fxe6 8. d4
cxd4 9. a3 dxc3 10. b4 axb3 11. Bf4 e5 12. Qh5+ g6 13. Qg4 Nd4 14. O-O-O Qxa3+
15. Kb1 Qb2# 0-1

[Event "AUTO-MASTER-137"]
[Site "http://www.queenalice.com/game.php?id=99393"]
[Date "2006.8.25"]
[Round "2"]
[White "christophe"]
[Black "joey30"]
[Result "0-1"]
[WhiteElo "1990"]
[BlackElo "1731"]

1. d4 d5 2. c4 e6 3. Nc3 Nf6 4. cxd5 Nxd5 5. e4 Nf6 6. Nf3 c6 7. Bd3 h6 8. O-O
Qc7 9. Qb3 b6 10. Be3 Be7 11. Rac1 Bb7 12. d5 exd5 13. e5 Ng4 14. Nxd5 Qd7 0-1

[Event "AUTO-MASTER-137"]
[Site "http://www.queenalice.com/game.php?id=99394"]
[Date "2006.8.25"]
[Round "2"]
[White "joey30"]
[Black "christophe"]
[Result "1-0"]
[WhiteElo "1746"]
[BlackElo "1944"]

1. e4 c5 2. Nf3 Nf6 3. Nc3 d5 4. e5 Nfd7 5. Bb5 e6 6. b3 a6 7. Be2 Nc6 8. d4 Qc7
9. Be3 cxd4 10. Nxd4 Bb4 11. Qd2 Ncxe5 12. O-O 1-0

[Event "QA-ANNIV-02"]
[Site "http://www.queenalice.com/game.php?id=106446"]
[Date "2006.9.15"]
[Round "3"]
[White "arvim"]
[Black "christophe"]
[Result "1-0"]
[WhiteElo "1900"]
[BlackElo "1962"]

1. d4 Nf6 2. c4 e6 3. Nc3 Bb4 4. Nf3 b6 5. Bg5 h6 6. Bh4 g5 7. Bg3 Ne4 8. Qc2
Bb7 9. e3 Bxc3+ 10. bxc3 d6 11. Bd3 f5 12. d5 exd5 13. cxd5 Bxd5 14. Nd4 Qf6 15.
O-O Nd7 16. c4 Bb7 17. f3 Nxg3 18. hxg3 Qe5 19. Rae1 O-O-O 20. Bxf5 1-0